Terápia rezisztens nefrózis szindróma gyermekkorban
Elmentve itt :
| Szerzők: | |
|---|---|
| Dokumentumtípus: | Könyv része |
| Megjelent: |
2006
|
| Sorozat: | Tiszaparti esték
7 Tiszaparti esték : gyermekgyógyászati továbbképző előadások 2005-2006 7 |
| Kulcsszavak: | Gyermekgyógyászat - vesebetegségek, Nephrológia |
| Tárgyszavak: | |
| Online Access: | http://acta.bibl.u-szeged.hu/18874 |
| LEADER | 00848naa a2200229 i 4500 | ||
|---|---|---|---|
| 001 | acta18874 | ||
| 005 | 20220316151338.0 | ||
| 008 | 161015s2006 hu o 0|| hun d | ||
| 022 | |a 1588-3515 | ||
| 040 | |a SZTE Egyetemi Kiadványok Repozitórium |b hun | ||
| 041 | |a hun | ||
| 100 | 1 | |a Bereczki Csaba | |
| 245 | 1 | 0 | |a Terápia rezisztens nefrózis szindróma gyermekkorban |h [elektronikus dokumentum] / |c Bereczki Csaba |
| 260 | |c 2006 | ||
| 300 | |a 69-76 | ||
| 490 | 0 | |a Tiszaparti esték |v 7 | |
| 490 | 0 | |a Tiszaparti esték : gyermekgyógyászati továbbképző előadások 2005-2006 |v 7 | |
| 650 | 4 | |a Orvos- és egészségtudomány | |
| 650 | 4 | |a Klinikai orvostan | |
| 695 | |a Gyermekgyógyászat - vesebetegségek, Nephrológia | ||
| 700 | 0 | 1 | |a Kemény Éva |e aut |
| 856 | 4 | 0 | |u http://acta.bibl.u-szeged.hu/18874/1/tiszaparti_2005_069-076.pdf |z Dokumentum-elérés |